knock knock - Mac miller lyrics - Statistics

General Stats
  • This quiz has been taken 12 times
  • The average score is 302 of 535
Answer Stats
Answer % Correct
a
100%
I
100%
1,
89%
2,
89%
3,
89%
4,
89%
do
89%
kids
89%
L
89%
on
89%
so
89%
So
89%
some
89%
the
89%
you
89%
bitch
78%
Bitch,
78%
door
78%
feel
78%
Go
78%
in
78%
in,
78%
In
78%
is
78%
Let
78%
let
78%
me
78%
me,
78%
real
78%
Real,
78%
up
78%
Up
78%
yeah
78%
come
67%
Dope
67%
'em
67%
gonna
67%
high
67%
I'm
67%
it
67%
Milli
67%
Most
67%
no
67%
No,
67%
This
67%
this
67%
your
67%
bucks
56%
But
56%
but
56%
crazy-ass
56%
don't
56%
Don't
56%
goes
56%
how
56%
like
56%
million
56%
we
56%
We
56%
why
56%
ain't
44%
alcohol,
44%
an
44%
and
44%
And
44%
by
44%
day,
44%
get
44%
gettin'
44%
good,
44%
just
44%
kicks
44%
knocked
44%
money
44%
my
44%
Not
44%
now
44%
really
44%
ride
44%
say
44%
school
44%
shit
44%
still
44%
them
44%
weed
44%
weed,
44%
what
44%
when
44%
When
44%
with
44%
air
33%
all
33%
All
33%
Anaconda
33%
awesome
33%
ball
33%
boy
33%
can
33%
dick
33%
Everybody
33%
Fuck
33%
fuck
33%
great
33%
have
33%
(hey)
33%
hey
33%
hoes
33%
If
33%
job,
33%
job
33%
lit,
33%
make,
33%
myself
33%
need
33%
night,
33%
please
33%
pretty
33%
put
33%
Shut
33%
Smoke
33%
than
33%
these
33%
they
33%
They
33%
Vanilli
33%
was
33%
white
33%
wonder
33%
bout
22%
can't
22%
Carson
22%
'cause
22%
cushion
22%
damn
22%
deeper
22%
Everything
22%
fly
22%
flyer
22%
for
22%
forget
22%
friends
22%
girls
22%
Girls
22%
give
22%
ground
22%
I'ma
22%
intelligent
22%
Johnny
22%
let's
22%
little
22%
Michael
22%
Mouth
22%
New
22%
of
22%
out,
22%
pelican
22%
People
22%
Phelps
22%
presidents
22%
(shh)
22%
take
22%
tell
22%
that
22%
thumb
22%
to
22%
water
22%
whoopie
22%
witty,
22%
words,
22%
Young
22%
acting
11%
alright?
11%
amazed
11%
baby,
11%
beat
11%
Benz,
11%
built
11%
bust
11%
buzz
11%
cookie
11%
cop
11%
count
11%
dead
11%
dimes
11%
flock
11%
fresh,
11%
from
11%
gentleman
11%
got
11%
gotta
11%
hell
11%
into
11%
joints
11%
keep
11%
Keep
11%
long
11%
much
11%
own
11%
party,
11%
pity
11%
playing,
11%
rhymes
11%
rock
11%
scream
11%
silly
11%
Trying
11%
tryna
11%
whip,
11%
applaud
0%
brains
0%
country
0%
cross
0%
Drive
0%
Eat'n
0%
etiquette
0%
Finna
0%
giving
0%
Honda
0%
looking
0%
Park
0%
right,
0%
setting
0%
Smelling
0%
smile
0%
stage,
0%
trends
0%
type,
0%
wrecking
0%
No matching quizzes found
Score Distribution
Percent of People with Each Score
Percentile by Number Answered
Your Score History
You have not taken this quiz